UK History Picture Quiz - D - Statistics

General Stats
  • This quiz has been taken 486 times
  • The average score is 10 of 15
Answer Stats
Picture Hint Answer % Correct
Wrote "The Origin of Species" Charles {Darwin}
99%
Princess killed in a car crash in 1997 Diana
99%
Home of Prime Ministers since 1732 10 {Downing} Street
98%
Boyband formed by Simon Cowell in 2010 One {Direction}
97%
Explorer that played bowls Sir Francis {Drake}
90%
System of TV that replaced analogue in 2012 Digital
83%
The "Great Survey" of 1086 {Domesday} Book
80%
Town known to the Romans as Dubris Dover
79%
PM that started the Conservative Party Benjamin {Disraeli}
71%
Newest National Park formed in 2010 South {Downs}
65%
Prison in a National Park {Dartmoor} Prison
53%
Act of moving government to regions Devolution
46%
TT motorcycle races have started here since 1907 Douglas
44%
First modern battleship HMS {Dreadnought}
34%
Welsh show cave first explored in 1912 {Dan} yr Ogof Caves
10%
No matching quizzes found
Score Distribution
Percent of People with Each Score
Percentile by Number Answered
Your Score History
You have not taken this quiz